Normal view
MARC view
Entry Personal Name
001 - CONTROL NUMBER
- control field: 1286
003 - CONTROL NUMBER IDENTIFIER
- control field: OSt
005 - DATE AND TIME OF LATEST TRANSACTION
- control field: 20110420142724.0
008 - FIXED-LENGTH DATA ELEMENTS
- fixed length control field: 110420|||a|||||| | ||| d
040 ## - CATALOGING SOURCE
- Original cataloging agency: OSt
- Transcribing agency: OSt
100 ## - HEADING--PERSONAL NAME
- Personal name: Mulla, Dinshah Fardunji,
- Titles and other words associated with a name: Sir,
- Dates associated with a name: 1868-1934.
670 ## - SOURCE DATA FOUND
- Source citation: Work cat.: (OSt)0: Mulla, Dinshah Fardunji, Sir, 1868-1934., The Transfer of Property Act,1882 /, c2006
